[Event "22nd European Teams"]
[Site "Batumi GEO"]
[Date "2019.10.24"]
[Round "1.18"]
[Board "3"]
[White "Beukema, Stefan"]
[Black "Halkias, Stelios"]
[Result "0-1"]
[WhiteTitle "IM"]
[BlackTitle "GM"]
[WhiteElo "2380"]
[BlackElo "2530"]
[WhiteTeam "Belgium"]
[BlackTeam "Greece"]
[WhiteFideId "1024523"]
[BlackFideId "4201809"]
[EventDate "2019.10.24"]

1. e4 c5 2. Nf3 Nc6 3. d4 cxd4 4. Nxd4 e5 5. Nb5 d6 6. c4 Be7 7. N1c3 a6 8. Na3
Be6 9. Be2 Bg5 10. O-O Bxc1 11. Rxc1 Nf6 12. Qd2 O-O 13. Rfd1 Qb6 14. b3 Rfd8
15. Nc2 Rac8 16. h3 h6 17. Kf1 Ne7 18. Ne3 Ng6 19. Bg4 Ne7 20. Ned5 Nexd5 21.
Nxd5 Bxd5 22. Bxc8 Bxe4 23. Bg4 Qc6 24. f3 Bg6 25. f4 Ne4 26. Qe3 exf4 27. Qxf4
Re8 28. Kg1 h5 29. Bf3 Re6 30. Qe3 Qc7 31. Qd4 Qe7 32. b4 Ng5 33. Bd5 Re2 34. c5
dxc5 35. Rxc5 Kh7 36. Rc3 Ne6 37. Qc4 Nf4 38. Bf3 Qg5 39. Kf1 Rb2 40. Qc5 Qg3
41. Bxb7 Qh2 0-1

[Event "22nd European Teams"]
[Site "Batumi GEO"]
[Date "2019.10.24"]
[Round "1.18"]
[Board "4"]
[White "Mastrovasilis, Athanasios"]
[Black "Lenaerts, Lennert"]
[Result "1-0"]
[WhiteTitle "GM"]
[BlackTitle "FM"]
[WhiteElo "2521"]
[BlackElo "2333"]
[WhiteTeam "Greece"]
[BlackTeam "Belgium"]
[WhiteFideId "4201990"]
[BlackFideId "211435"]
[EventDate "2019.10.24"]

1. c4 e5 2. Nc3 Bb4 3. Nd5 Bc5 4. e3 Nf6 5. b4 Be7 6. Nxe7 Qxe7 7. Bb2 d5 8.
cxd5 Nxd5 9. a3 O-O 10. Qc2 Nd7 11. Nf3 e4 12. Nd4 N7f6 13. Be2 c6 14. O-O Bd7
15. f3 a5 16. fxe4 Qxe4 17. Bd3 Qg4 18. bxa5 Rxa5 19. Nb3 Raa8 20. Rf3 Qh4 21.
Raf1 Rae8 22. Nc5 Bg4 23. Qc4 Qh6 24. Rxf6 Nxf6 25. Rxf6 Qg5 26. Ne4 Qd5 27. Qc3
Rxe4 28. Rf5 Qd4 29. exd4 1-0

[Event "22nd European Teams"]
[Site "Batumi GEO"]
[Date "2019.10.24"]
[Round "1.19"]
[Board "1"]
[White "Borisek, Jure"]
[Black "Tate, Alan"]
[Result "1-0"]
[WhiteTitle "GM"]
[BlackTitle "FM"]
[WhiteElo "2584"]
[BlackElo "2352"]
[WhiteTeam "Slovenia"]
[BlackTeam "Scotland"]
[WhiteFideId "14603152"]
[BlackFideId "2401878"]
[EventDate "2019.10.24"]

1. e4 e5 2. Nf3 Nc6 3. Bb5 Nf6 4. d3 d6 5. O-O a6 6. Bxc6+ bxc6 7. d4 exd4 8.
Nxd4 c5 9. Nc6 Qd7 10. Na5 Be7 11. Nc3 O-O 12. Bf4 Ng4 13. h3 Ne5 14. Bxe5 dxe5
15. Qxd7 Bxd7 16. Rfd1 Be6 17. Nd5 Bd6 18. Rd2 f5 19. exf5 Rxf5 20. Nc4 Bxd5 21.
Rxd5 Raf8 22. Rd2 Rf4 23. b3 Rd4 24. Re2 Re8 25. Rae1 e4 26. g3 Kf7 27. Kg2 Kg6
28. Nd2 e3 29. fxe3 Rd5 30. e4 Rg5 31. g4 Rge5 32. Nf3 R5e6 33. e5 c4 34. Re4
cxb3 35. axb3 Bc5 36. Rc4 Bb6 37. h4 h6 38. h5+ Kf7 39. g5 Ke7 40. g6 Rf8 41.
Kg3 Kd7 42. Rd1+ Ke7 43. Re1 Kd7 44. Ree4 Re7 45. Rf4 Rfe8 46. Kg4 Ke6 47. Rc6+
Kd7 48. Rc3 a5 49. Rd3+ Kc6 50. Rf7 Rxe5 51. Nxe5+ Rxe5 52. Rxg7 Rg5+ 53. Kf4
Rxh5 54. Rh7 Rh4+ 55. Kf5 1-0

[Event "22nd European Teams"]
[Site "Batumi GEO"]
[Date "2019.10.24"]
[Round "1.19"]
[Board "2"]
[White "Olson, Hamish"]
[Black "Sebenik, Matej"]
[Result "0-1"]
[WhiteTitle "FM"]
[BlackTitle "GM"]
[WhiteElo "2288"]
[BlackElo "2519"]
[WhiteTeam "Scotland"]
[BlackTeam "Slovenia"]
[WhiteFideId "2404257"]
[BlackFideId "14602296"]
[EventDate "2019.10.24"]

1. d4 Nf6 2. Nf3 e6 3. g3 c5 4. Bg2 cxd4 5. O-O d5 6. Nxd4 e5 7. Nb3 Be6 8. Nc3
Be7 9. f4 e4 10. f5 Bc8 11. Bg5 Nbd7 12. Bf4 Nc5 13. Nb5 Na6 14. N3d4 O-O 15. c3
Bd7 16. a4 Nc5 17. b4 Bxb5 18. Nxb5 a6 19. Na3 Ncd7 20. Nc2 Rc8 21. Ne3 Rxc3 22.
Nxd5 Nxd5 23. Qxd5 Qb6+ 24. Kh1 Nf6 25. Qe5 Bxb4 26. Rab1 Rc4 27. a5 Qc6 28. Bg5
Re8 29. Qb2 Nd5 30. f6 h6 31. Bh4 Bc3 32. Qxb7 Qxb7 33. Rxb7 g5 34. Bxg5 hxg5
35. Rf5 Re5 36. Bh3 Ne3 37. Rxe5 Bxe5 0-1

[Event "22nd European Teams"]
[Site "Batumi GEO"]
[Date "2019.10.24"]
[Round "1.19"]
[Board "3"]
[White "Skoberne, Jure"]
[Black "Abdulla, Murad"]
[Result "1-0"]
[WhiteTitle "GM"]
[BlackTitle "FM"]
[WhiteElo "2567"]
[BlackElo "2263"]
[WhiteTeam "Slovenia"]
[BlackTeam "Scotland"]
[WhiteFideId "14604299"]
[BlackFideId "2403757"]
[EventDate "2019.10.24"]

1. Nf3 Nf6 2. g3 g6 3. Bg2 Bg7 4. O-O O-O 5. d4 d5 6. c4 c6 7. Qb3 Qb6 8. Nc3
Rd8 9. Rd1 Na6 10. Qxb6 axb6 11. Na4 Nd7 12. cxd5 cxd5 13. Bf4 e6 14. e3 b5 15.
Nc3 b4 16. Nb5 Ndb8 17. Rdc1 Nc6 18. h3 Bf8 19. Bf1 h6 20. g4 Bd7 21. Nd2 Na5
22. Rc2 Bc6 23. b3 Be8 24. Rac1 Nc6 25. Nf3 f6 26. Bd3 Kg7 27. h4 g5 28. Bg3 Bg6
29. Ne1 Be7 30. Bxg6 Kxg6 31. h5+ Kg7 32. Nd3 Rd7 33. f4 Re8 34. fxg5 hxg5 35.
Rxc6 bxc6 36. Rxc6 Rb7 37. Rxe6 Rxb5 38. Rxa6 Kf7 39. Ra7 Ke6 40. Kf2 Rc8 41.
Bc7 Rf8 42. Kf3 Re8 43. Ra6+ Kf7 44. Ra7 Kg8 45. Nc1 Rc8 46. Ne2 Bd8 47. Bxd8
Rxd8 48. Ng3 Rdb8 49. Nf5 R5b7 50. Ne7+ Kf7 51. Rxb7 Rxb7 52. Nxd5 1-0

[Event "22nd European Teams"]
[Site "Batumi GEO"]
[Date "2019.10.24"]
[Round "1.19"]
[Board "4"]
[White "Muir, Andrew J"]
[Black "Subelj, Jan"]
[Result "0-1"]
[WhiteTitle "IM"]
[BlackTitle "FM"]
[WhiteElo "2271"]
[BlackElo "2398"]
[WhiteTeam "Scotland"]
[BlackTeam "Slovenia"]
[WhiteFideId "2400138"]
[BlackFideId "14618583"]
[EventDate "2019.10.24"]

1. d4 Nf6 2. c4 e6 3. Nc3 Bb4 4. a3 Bxc3+ 5. bxc3 c5 6. f3 Nc6 7. e4 O-O 8. Be3
b6 9. Bd3 Ba6 10. Ne2 Na5 11. dxc5 Bxc4 12. cxb6 axb6 13. O-O Qc7 14. Nd4 d5 15.
a4 e5 16. Nb5 Qc6 17. Bg5 dxe4 18. fxe4 Bxd3 19. Qxd3 Nxe4 20. Be7 Rfe8 21. Bb4
Rad8 22. Qf3 Qg6 23. Nc7 Nd2 24. Qf5 Nxf1 25. Qxg6 hxg6 26. Rxf1 Nc4 27. Nxe8
Rxe8 28. Rd1 Ra8 29. Rd7 Rxa4 30. Rd8+ Kh7 31. Rd7 Ra1+ 32. Kf2 e4 33. Rxf7 e3+
34. Ke2 Ra2+ 35. Kf1 Ne5 36. Re7 e2+ 37. Kf2 Nd3+ 38. Kf3 e1=Q 0-1

[Event "22nd European Teams"]
[Site "Batumi GEO"]
[Date "2019.10.24"]
[Round "1.20"]
[Board "1"]
[White "Saraci, Nderim"]
[Black "Hillarp Persson, Tiger"]
[Result "1/2-1/2"]
[WhiteTitle "IM"]
[BlackTitle "GM"]
[WhiteElo "2396"]
[BlackElo "2550"]
[WhiteTeam "Kosovo"]
[BlackTeam "Sweden"]
[WhiteFideId "6351921"]
[BlackFideId "1700812"]
[EventDate "2019.10.24"]

1. e4 g6 2. d4 Bg7 3. Nc3 d6 4. Be3 a6 5. a4 Nf6 6. h3 Nc6 7. Nf3 O-O 8. Bc4 e6
9. O-O b6 10. Qd2 Bb7 11. Bh6 Ne7 12. Bxg7 Kxg7 13. Rfe1 b5 14. axb5 axb5 15.
Bxb5 Nxe4 16. Nxe4 Bxe4 17. Ng5 Rxa1 18. Rxa1 Bd5 19. Bd3 h6 20. Ne4 Qb8 21. c4
Bxe4 22. Bxe4 Qb3 23. Qc3 Rb8 24. Qxb3 Rxb3 25. Ra7 Rxb2 26. Rxc7 Kf6 27. Rd7
Rb4 28. Rxd6 Rxc4 29. Rd7 Rc1+ 30. Kh2 Re1 31. f3 Rd1 32. h4 Nc8 33. g4 Nb6 34.
g5+ hxg5 35. hxg5+ Kg7 36. Rb7 Nc4 37. Rd7 Nb6 38. Rb7 Nc4 39. Rd7 Kf8 40. Bc6
Ne3 41. Rd8+ Kg7 42. Rd7 Rd2+ 43. Kh3 Nf5 44. d5 e5 45. d6 Rxd6 46. Rxd6 Nxd6
47. Kg3 Nf5+ 48. Kg4 Nd6 49. Kg3 Nf5+ 50. Kg4 Nd4 51. Bd5 Ne2 52. Bc4 Nf4 53.
Bb3 Kf8 54. Bc4 Ke7 55. Bb3 Nd3 56. Ba2 Nc5 57. Bc4 Nb7 58. Bb3 Nd6 59. Bc2 Kd7
60. Ba4+ Kc7 61. Bb3 Kb6 62. Bd5 Kc5 63. Bb3 Kd4 64. Ba2 Nc4 65. Kg3 Nd6 66. Kg4
Ke3 67. Bd5 Kf2 68. Kh3 Ke2 69. Kg4 Ke3 70. Ba2 Kf2 71. Bd5 Kg2 72. Ba2 Kh2 73.
Bd5 Kg2 74. Ba2 Nf5 75. Bxf7 Ne3+ 76. Kh4 Kxf3 77. Bxg6 Ng2+ 78. Kh5 Nf4+ 79.
Kh6 Nxg6 80. Kxg6 e4 1/2-1/2

[Event "22nd European Teams"]
[Site "Batumi GEO"]
[Date "2019.10.24"]
[Round "1.20"]
[Board "2"]
[White "Westerberg, Jonathan"]
[Black "Makolli, Perparim"]
[Result "1-0"]
[WhiteTitle "IM"]
[BlackTitle "FM"]
[WhiteElo "2546"]
[BlackElo "2241"]
[WhiteTeam "Sweden"]
[BlackTeam "Kosovo"]
[WhiteFideId "1701754"]
[BlackFideId "908630"]
[EventDate "2019.10.24"]

1. e4 c5 2. Nf3 a6 3. c3 d5 4. exd5 Qxd5 5. d4 e6 6. Be2 Nf6 7. O-O Nc6 8. Na3
cxd4 9. Nc4 Qd8 10. cxd4 b5 11. Nce5 Bb7 12. a4 b4 13. a5 Rc8 14. Qa4 Nd7 15.
Bf4 Ncxe5 16. Nxe5 Be7 17. Rac1 f6 18. Rxc8 Qxc8 19. Rc1 fxe5 20. Rxc8+ Bxc8 21.
Qc6 Kf7 22. Bxe5 Nxe5 23. dxe5 Rd8 24. g3 Rd2 25. Qxc8 Rxe2 26. b3 Rxe5 27. Qxa6
Re1+ 28. Kg2 Rb1 29. Qb7 Kf6 30. Qf3+ 1-0

[Event "22nd European Teams"]
[Site "Batumi GEO"]
[Date "2019.10.24"]
[Round "1.20"]
[Board "3"]
[White "Uruci, Endrit"]
[Black "Blomqvist, Erik"]
[Result "0-1"]
[BlackTitle "GM"]
[WhiteElo "2237"]
[BlackElo "2523"]
[WhiteTeam "Kosovo"]
[BlackTeam "Sweden"]
[WhiteFideId "22100199"]
[BlackFideId "1709437"]
[EventDate "2019.10.24"]

1. e4 c5 2. Nf3 e6 3. c4 Nc6 4. Nc3 Nf6 5. Be2 d5 6. exd5 exd5 7. d4 Be6 8. cxd5
Nxd5 9. O-O Be7 10. Nxd5 Qxd5 11. dxc5 Qxc5 12. Be3 Qf5 13. Qa4 O-O 14. Rac1
Rfd8 15. a3 h6 16. b4 Bd5 17. Rfd1 Ne5 18. Nxe5 Qxe5 19. Qc2 Qe6 20. h3 Rac8 21.
Qb1 Be4 22. Rxd8+ Rxd8 23. Qa1 Bf6 24. Bc4 Bxa1 25. Bxe6 Bb2 26. Rc8 Rxc8 27.
Bxc8 Bxa3 28. b5 b6 29. Bf4 Kf8 30. Bb8 Ke7 31. g4 Bd6 32. Bxa7 Bc7 33. f4 g5
34. h4 gxf4 35. Kf2 Bd3 36. g5 h5 37. Bb7 f6 38. Kf3 Bxb5 39. gxf6+ Kxf6 40.
Bxb6 Bxb6 41. Kxf4 Bf2 42. Kf3 Bxh4 43. Kg2 Bd7 44. Kh1 Kg5 45. Bd5 Bg3 46. Be4
Bd6 47. Bd5 Kf4 48. Bb7 Kg3 49. Bd5 h4 50. Bb7 h3 51. Bd5 Bb5 0-1

[Event "22nd European Teams"]
[Site "Batumi GEO"]
[Date "2019.10.25"]
[Round "2.1"]
[Board "3"]
[White "Nguyen, Thai Dai Van"]
[Black "Tomczak, Jacek"]
[Result "1-0"]
[WhiteTitle "GM"]
[BlackTitle "GM"]
[WhiteElo "2545"]
[BlackElo "2625"]
[WhiteTeam "Czech Republic"]
[BlackTeam "Poland"]
[WhiteFideId "358878"]
[BlackFideId "1124668"]
[EventDate "2019.10.24"]

1. d4 Nf6 2. c4 c5 3. d5 b5 4. cxb5 a6 5. bxa6 g6 6. Nc3 Bg7 7. e4 O-O 8. a7
Rxa7 9. Nf3 e6 10. Be2 exd5 11. exd5 d6 12. O-O Na6 13. Nb5 Rd7 14. Bc4 Qb6 15.
a4 Ne8 16. Bf4 Nb4 17. Qb3 Ba6 18. Rfe1 Nf6 19. Bd2 Rb7 20. h3 Rc8 21. Rac1 Bxb5
22. axb5 Rbc7 23. Nd4 Nfxd5 24. Ne6 fxe6 25. Rxe6 Kh8 26. Bxd5 Nxd5 27. Qxd5
Qxb5 28. Rxd6 Rf8 29. Rd8 Rf7 30. Rxf8+ Rxf8 31. b3 Rf5 32. Qe6 Bd4 33. Bc3 Bxc3
34. Rxc3 Qa5 35. Re3 Qa1+ 36. Kh2 Qf6 37. Qc8+ Kg7 38. Qd7+ Kh6 39. Re7 Qh8 40.
Qd2+ g5 41. Re6+ Rf6 42. h4 Kg6 43. Qxg5+ Kf7 44. Rxf6+ Qxf6 45. Qxf6+ Kxf6 46.
f4 Kf5 47. Kg3 1-0

[Event "22nd European Teams"]
[Site "Batumi GEO"]
[Date "2019.10.25"]
[Round "2.1"]
[Board "4"]
[White "Dragun, Kamil"]
[Black "Stocek, Jiri"]
[Result "0-1"]
[WhiteTitle "GM"]
[BlackTitle "GM"]
[WhiteElo "2584"]
[BlackElo "2569"]
[WhiteTeam "Poland"]
[BlackTeam "Czech Republic"]
[WhiteFideId "1134167"]
[BlackFideId "304760"]
[EventDate "2019.10.24"]

1. d4 Nf6 2. c4 e6 3. Nf3 b6 4. Bf4 Bb7 5. e3 Be7 6. Nc3 O-O 7. Bd3 d5 8. cxd5
exd5 9. Ne5 c5 10. O-O a6 11. Qf3 Nc6 12. Rac1 Re8 13. Rfd1 Ra7 14. dxc5 Nxe5
15. Bxe5 bxc5 16. Bb1 Qa5 17. Bxf6 Bxf6 18. Qf5 Rd8 19. Qxh7+ Kf8 20. e4 d4 21.
Nd5 Bxd5 22. exd5 Rxd5 23. a3 Qd8 24. Ba2 Re5 25. f4 Re2 26. Rxc5 g6 27. Rdc1 d3
28. Rc8 Bd4+ 29. Kh1 Re1+ 30. Rxe1 Qxc8 31. f5 Re7 32. Qh6+ Bg7 33. Qh4 Rxe1+
34. Qxe1 Qc2 35. Bxf7 Be5 36. Qb4+ Kg7 37. f6+ Bxf6 0-1

[Event "22nd European Teams"]
[Site "Batumi GEO"]
[Date "2019.10.25"]
[Round "2.2"]
[Board "2"]
[White "Edouard, Romain"]
[Black "Naiditsch, Arkadij"]
[Result "1/2-1/2"]
[WhiteTitle "GM"]
[BlackTitle "GM"]
[WhiteElo "2641"]
[BlackElo "2643"]
[WhiteTeam "France"]
[BlackTeam "Azerbaijan"]
[WhiteFideId "633429"]
[BlackFideId "4650891"]
[EventDate "2019.10.24"]

1. d4 Nf6 2. c4 e6 3. Nf3 d5 4. Nc3 Nbd7 5. Bf4 dxc4 6. e3 a6 7. a4 Nb6 8. a5
Nbd5 9. Bxc4 Nxf4 10. exf4 Nd5 11. f5 c6 12. Qb3 Bd6 13. O-O O-O 14. Ne5 Rb8 15.
fxe6 Bxe6 16. Nxd5 cxd5 17. Bxd5 Bxe5 18. Bxe6 Bxd4 19. Bc4 Qf6 20. Ra4 Bxb2 21.
Rb4 Be5 22. g3 b5 23. axb6 Bc3 24. Ra4 Rxb6 25. Rxa6 Rxa6 26. Bxa6 Bd4 27. Be2
Re8 28. Qf3 g6 29. Qxf6 Bxf6 30. Bf3 Kg7 31. Rd1 1/2-1/2

[Event "22nd European Teams"]
[Site "Batumi GEO"]
[Date "2019.10.25"]
[Round "2.2"]
[Board "3"]
[White "Mamedov, Rauf"]
[Black "Maurizzi, Marc Andria"]
[Result "1-0"]
[WhiteTitle "GM"]
[BlackTitle "FM"]
[WhiteElo "2645"]
[BlackElo "2415"]
[WhiteTeam "Azerbaijan"]
[BlackTeam "France"]
[WhiteFideId "13401653"]
[BlackFideId "36083534"]
[EventDate "2019.10.24"]

1. e4 e5 2. Bc4 Nf6 3. d3 c6 4. Nf3 d5 5. Bb3 Bb4+ 6. Bd2 Bxd2+ 7. Qxd2 a5 8. a3
Nbd7 9. Nc3 dxe4 10. Nxe4 Nxe4 11. dxe4 Qe7 12. O-O-O O-O 13. Qd6 Re8 14. Ba2 h6
15. Qxe7 Rxe7 16. Nh4 Nf6 17. Rd8+ Kh7 18. Nf5 Rd7 19. Rxd7 Bxd7 20. Nd6 b5 21.
f3 Be6 22. Bxe6 fxe6 23. Nf7 g5 24. Nxe5 g4 25. Nxc6 gxf3 26. gxf3 Rg8 27. Nd4
e5 28. Nc6 b4 29. axb4 axb4 30. Nxb4 Ra8 31. Kd2 1-0

[Event "22nd European Teams"]
[Site "Batumi GEO"]
[Date "2019.10.25"]
[Round "2.2"]
[Board "4"]
[White "Gharamian, Tigran"]
[Black "Guseinov, Gadir"]
[Result "1/2-1/2"]
[WhiteTitle "GM"]
[BlackTitle "GM"]
[WhiteElo "2590"]
[BlackElo "2660"]
[WhiteTeam "France"]
[BlackTeam "Azerbaijan"]
[WhiteFideId "13301527"]
[BlackFideId "13401378"]
[EventDate "2019.10.24"]

1. e4 c5 2. Nf3 g6 3. c3 d5 4. e5 Nc6 5. Bb5 Bg4 6. d4 cxd4 7. Bxc6+ bxc6 8.
cxd4 Bxf3 9. Qxf3 Nh6 10. Nd2 Nf5 11. Qd3 e6 12. O-O h5 13. Nf3 Be7 14. Bd2 g5
15. Be3 g4 16. Nd2 a5 17. Rac1 Qb6 18. Nb3 a4 19. Nc5 Bxc5 20. Rxc5 Kd7 21. Bd2
Qa6 22. Qa3 Rhc8 23. Rfc1 Qe2 24. Qc3 Qa6 25. Qa3 Qe2 26. Qc3 Qa6 1/2-1/2

[Event "22nd European Teams"]
[Site "Batumi GEO"]
[Date "2019.10.25"]
[Round "2.3"]
[Board "2"]
[White "Sargissian, Gabriel"]
[Black "Bosiocic, Marin"]
[Result "1/2-1/2"]
[WhiteTitle "GM"]
[BlackTitle "GM"]
[WhiteElo "2690"]
[BlackElo "2619"]
[WhiteTeam "Armenia"]
[BlackTeam "Croatia"]
[WhiteFideId "13300881"]
[BlackFideId "14507927"]
[EventDate "2019.10.24"]

1. d4 Nf6 2. c4 e6 3. Nf3 d5 4. Nc3 Bb4 5. Bg5 h6 6. Bxf6 Qxf6 7. Qa4+ Nc6 8. e3
O-O 9. Rc1 Rd8 10. Be2 dxc4 11. Bxc4 Bd7 12. Be2 e5 13. dxe5 Bxc3+ 14. Rxc3 Nxe5
15. Qa5 Nxf3+ 16. Bxf3 c6 17. O-O Be6 18. Rc2 Rd7 19. b3 a6 20. Re1 Rad8 21. Qb4
Qe5 22. h3 Qb5 23. Qxb5 axb5 24. Bg4 f5 25. Bh5 Rd2 26. Rec1 g5 27. Kf1 Kg7 28.
Ke1 Rxc2 29. Rxc2 Kf6 30. Rd2 Rxd2 31. Kxd2 Bd5 32. g3 Bg2 33. h4 g4 34. Kc3 Bd5
35. Kd4 b6 36. Be8 b4 37. Bd7 Be4 38. Kc4 Ke7 39. Bc8 c5 40. Kb5 Kd8 41. Be6 Kc7
42. Bc4 Bb1 43. Ka4 Bxa2 44. Bd3 Kc6 45. h5 Kd5 46. Bxf5 b5+ 47. Kxb5 Bxb3 48.
Bxg4 Bc4+ 49. Ka4 Ke4 50. Bd7 Kd3 51. Bf5+ Kc3 52. g4 Bb3+ 53. Kb5 Bc2 54. Be6
b3 55. Bxb3 Bxb3 56. Kxc5 Kd3 57. f4 Kxe3 58. g5 Kxf4 59. gxh6 Bc2 1/2-1/2

[Event "22nd European Teams"]
[Site "Batumi GEO"]
[Date "2019.10.25"]
[Round "2.3"]
[Board "3"]
[White "Stevic, Hrvoje"]
[Black "Martirosyan, Haik M."]
[Result "1/2-1/2"]
[WhiteTitle "GM"]
[BlackTitle "GM"]
[WhiteElo "2570"]
[BlackElo "2607"]
[WhiteTeam "Croatia"]
[BlackTeam "Armenia"]
[WhiteFideId "14502569"]
[BlackFideId "13306553"]
[EventDate "2019.10.24"]

1. e4 e5 2. Nf3 Nc6 3. Nc3 Nf6 4. d4 exd4 5. Nxd4 Bb4 6. Nxc6 bxc6 7. Bd3 O-O 8.
O-O d5 9. exd5 cxd5 10. Bg5 c6 11. Qf3 Bd6 12. Rae1 h6 13. Bxf6 Qxf6 14. Qxf6
gxf6 15. Ne2 Rb8 16. b3 c5 17. Ng3 Be6 18. Nf5 Bxf5 19. Bxf5 Rfe8 20. Rxe8+ Rxe8
21. Rd1 Bc7 22. g3 d4 23. Kg2 Re5 24. Bd3 Ba5 25. Rf1 Kg7 26. Kf3 Bc3 27. Kg4
Re7 28. f4 Be1 29. Rg1 Bd2 30. Rg2 Be3 31. Kf5 Re8 32. Re2 Re7 33. Be4 Bc1 34.
Bd3 Be3 35. Bb5 Re6 36. Bc4 Re7 37. Re1 Re8 38. Re2 Re7 39. h4 Re8 40. g4 Re7
41. Rg2 Kf8 42. g5 fxg5 43. hxg5 hxg5 44. Rxg5 Bd2 45. Kg4 Rc7 46. Rf5 a5 47.
Kf3 Bb4 48. Ke4 Rd7 49. Rf6 Re7+ 50. Kd5 Re6 51. Rxe6 fxe6+ 52. Kxe6 Ba3 53. f5
Bb4 54. Bd3 Ba3 55. Kd5 Bb4 56. Kc4 Ke7 57. c3 dxc3 58. Bc2 Kd6 59. Kb5 Kd5 60.
Ka4 c4 61. a3 Be7 62. b4 axb4 63. axb4 Kc6 64. Ka5 Kb7 65. Kb5 Kc7 66. Kxc4 Bf6
67. Kb5 Be7 68. Be4 Bf6 69. Ka6 Be7 70. b5 Bc5 71. f6 Kd6 72. b6 Bxb6 73. Kxb6
Ke6 74. Kc5 c2 75. Bxc2 Kxf6 1/2-1/2

[Event "22nd European Teams"]
[Site "Batumi GEO"]
[Date "2019.10.25"]
[Round "2.3"]
[Board "4"]
[White "Pashikian, Arman"]
[Black "Brkic, Ante"]
[Result "1-0"]
[WhiteTitle "GM"]
[BlackTitle "GM"]
[WhiteElo "2599"]
[BlackElo "2600"]
[WhiteTeam "Armenia"]
[BlackTeam "Croatia"]
[WhiteFideId "13301578"]
[BlackFideId "14506688"]
[EventDate "2019.10.24"]

1. d4 Nf6 2. c4 e6 3. Nf3 d5 4. Nc3 Bb4 5. Bg5 h6 6. Bxf6 Qxf6 7. Qa4+ Nc6 8. e3
O-O 9. Be2 Bd7 10. Qb3 dxc4 11. Qxc4 Qe7 12. a3 Bd6 13. Ne4 a5 14. O-O a4 15.
Qc3 Na5 16. Nfd2 b5 17. Rac1 b4 18. axb4 Bxb4 19. Qd3 Rfb8 20. Nf3 Bd6 21. Rc2
Rb4 22. Ra1 Rab8 23. Ra2 Bc6 24. Nc3 Nc4 25. Nd1 Bb5 26. Qc3 e5 27. Qe1 e4 28.
Nd2 Nxd2 29. Rxd2 Rb3 30. Nc3 Bxe2 31. Qxe2 a3 32. Nd1 Qe6 33. bxa3 Rb1 34. Rdb2
R8xb2 35. Rxb2 Rc1 36. g3 Bxa3 37. Rc2 Ra1 38. Kg2 Qb3 39. Nc3 f5 40. Nb5 Qb1
41. Nxa3 Qh1+ 42. Kh3 Rg1 43. f4 exf3 44. Qc4+ Kh7 45. Qe6 Rg2 46. Qxf5+ Kh8 47.
Qf8+ Kh7 48. Qxf3 Qxh2+ 49. Kg4 h5+ 50. Kf4 Rxc2 51. Nxc2 Kh6 52. Ne1 g6 1-0

[Event "22nd European Teams"]
[Site "Batumi GEO"]
[Date "2019.10.25"]
[Round "2.4"]
[Board "1"]
[White "Vallejo Pons, Francisco"]
[Black "Lupulescu, Constantin"]
[Result "1/2-1/2"]
[WhiteTitle "GM"]
[BlackTitle "GM"]
[WhiteElo "2694"]
[BlackElo "2643"]
[WhiteTeam "Spain"]
[BlackTeam "Romania"]
[WhiteFideId "2205530"]
[BlackFideId "1207822"]
[EventDate "2019.10.24"]

1. e4 c6 2. d4 d5 3. e5 Bf5 4. Nd2 e6 5. Nb3 c5 6. dxc5 Bxc5 7. Bb5+ Nc6 8. a4
Qb6 9. Nxc5 Qxc5 10. c3 Qb6 11. Be3 Qc7 12. f4 Ne7 13. Nf3 O-O 14. O-O f6 15.
exf6 Rxf6 16. b4 a6 17. Be2 Be4 18. Ng5 Bg6 19. Bg4 Bf5 20. h3 h6 21. Nf3 Ng6
22. g3 Qd7 23. Bd4 Nxd4 24. Nxd4 Bxg4 25. Qxg4 Ne7 26. Rae1 Rg6 27. Qf3 Nc6 28.
Nxc6 Qxc6 29. a5 Rc8 30. Re3 Rf6 31. Qe2 1/2-1/2

[Event "22nd European Teams"]
[Site "Batumi GEO"]
[Date "2019.10.25"]
[Round "2.4"]
[Board "3"]
[White "Perez Candelario, Manuel"]
[Black "Deac, Bogdan-Daniel"]
[Result "1-0"]
[WhiteTitle "GM"]
[BlackTitle "GM"]
[WhiteElo "2621"]
[BlackElo "2613"]
[WhiteTeam "Spain"]
[BlackTeam "Romania"]
[WhiteFideId "2210622"]
[BlackFideId "1226380"]
[EventDate "2019.10.24"]

1. e4 e5 2. Nf3 Nf6 3. Nxe5 d6 4. Nf3 Nxe4 5. d4 d5 6. Bd3 Bd6 7. O-O O-O 8. Re1
Bf5 9. c4 c6 10. Qc2 Bg6 11. c5 Bc7 12. Nc3 Nxc3 13. Bxg6 hxg6 14. bxc3 Nd7 15.
Bg5 Nf6 16. Ne5 Re8 17. Ng4 Qd7 18. Nxf6+ gxf6 19. Bxf6 Qg4 20. g3 Qf3 21. Be7
Qg4 22. Re3 Bf4 23. Re2 Bh6 24. Rae1 Qf3 25. a4 b6 26. Bd6 Rxe2 27. Rxe2 bxc5
28. dxc5 Qg4 29. f4 Bg7 30. Kg2 Bxc3 31. h3 Qh5 32. g4 Qh8 33. Qb3 Rd8 34. Qb7
Qd4 35. Qc7 Ra8 36. Qxc6 Rd8 37. Qc7 Ra8 38. Qb7 Rd8 39. Qe7 Ra8 40. c6 Qc4 41.
c7 Bf6 42. Qe3 Bd4 43. Qd2 Bc3 44. Qc2 Rc8 45. f5 g5 46. Bg3 d4 47. Qe4 Qxa4 48.
Qd5 Qa6 49. Re7 Rf8 50. h4 Bb4 51. f6 Qxf6 52. Re5 Bd2 53. hxg5 Qg6 54. Rf5 Be3
55. Qb7 Qe6 56. g6 Bh6 57. gxf7+ Kh7 58. Qf3 Qa2+ 59. Kh3 Qc2 60. Bd6 1-0

[Event "22nd European Teams"]
[Site "Batumi GEO"]
[Date "2019.10.25"]
[Round "2.4"]
[Board "4"]
[White "Georgescu, Tiberiu-Marian"]
[Black "Salgado Lopez, Ivan"]
[Result "1/2-1/2"]
[WhiteTitle "GM"]
[BlackTitle "GM"]
[WhiteElo "2508"]
[BlackElo "2594"]
[WhiteTeam "Romania"]
[BlackTeam "Spain"]
[WhiteFideId "1213300"]
[BlackFideId "2257327"]
[EventDate "2019.10.24"]

1. d4 Nf6 2. c4 e6 3. Nc3 Bb4 4. Qc2 b6 5. e4 c5 6. d5 exd5 7. exd5 O-O 8. Bd3
b5 9. cxb5 a6 10. Ne2 axb5 11. Bxb5 Nxd5 12. O-O Bxc3 13. Nxc3 Nb4 14. Qb1 d5
15. a3 N4c6 16. Rd1 d4 17. Bd3 Qh4 18. Ne4 Nd7 19. Bg5 Qh5 20. h4 Nde5 21. Ng3
Qg4 22. Bxh7+ Kh8 23. Bf5 Bxf5 24. Qxf5 Qxf5 25. Nxf5 Rfb8 26. Rac1 f6 27. Bf4
Rxb2 28. Rxc5 Rxa3 29. Bc1 Rb1 30. f4 Rc3 31. Rxc3 dxc3 32. fxe5 fxe5 33. Kf2 g6
34. Ne3 Nd4 35. Ba3 c2 36. Rc1 Rxc1 37. Bxc1 Nb3 38. Nxc2 Nxc1 39. Ke3 Kg7 40.
Ke4 Kf6 41. Ne3 Ne2 42. Ng4+ Ke6 43. Nxe5 Nc3+ 44. Kf4 Nd5+ 45. Kg5 Kxe5 46.
Kxg6 Nf4+ 47. Kg5 Nxg2 48. h5 Ke6 49. Kg6 Nf4+ 50. Kg5 Nxh5 1/2-1/2